000 00614nam a2200193 i 4500
001 27400
003 ES-MaACL
005 20240515063030.0
007 t|
008 030114s1963 sp ||||1| spa d
100 1 _aAyala, Francisco,
_d1906-2009
_924111
245 1 0 _aRealidad y ensueño /
_cFrancisco Ayala.
260 _a[Madrid] :
_bGredos,
_c[1963]
300 _a155 p. ;
_c20 cm.
490 1 _aBiblioteca románica hispánica. VII. Campo abierto
830 0 _aBiblioteca románica hispánica. VII. Campo abierto
_9181186
852 _aES-MaACL
_jC-23902
_bR.52448
999 _c27400
_d27400